书目信息 |
| 题名: |
概率统计
|
|
| 作者: | 张尧庭 编 | |
| 分册: | ||
| 出版信息: | 北京 中央广播电视大学出版社 1984.11 |
|
| 页数: | 314页 | |
| 开本: | 32开 | |
| 丛书名: | ||
| 单 册: | ||
| 中图分类: | ||
| 科图分类: | ||
| 主题词: | 概率论 , 数理统计 | |
| 电子资源: | ||
| ISBN: | 7-300-01605-7 | |
| 000 | 00569nam0 2200217 45 | |
| 001 | 9911301588 | |
| 005 | 20000619111454.4 | |
| 010 | @a7-300-01605-7@d1.40元 | |
| 100 | @a19991130d1984 km y0chiy0120 ea | |
| 101 | @achi | |
| 105 | @a z 000yy | |
| 200 | 1 | @a概率统计@AGai Lu Tong Ji@f张尧庭编@FZhang Yao Ting Bian |
| 210 | @a北京@c中央广播电视大学出版社@d1984.11 | |
| 215 | @a314页@d32开 | |
| 606 | 0 | @a概率论 |
| 606 | 0 | @a数理统计 |
| 690 | @v3 | |
| 690 | @aO21@v3 | |
| 701 | @a张尧庭@4编 | |
| 801 | @aCN@bPFTUser@c19991130 | |
| 905 | @dO21@eZH845@b206085-087@f3 | |
| 概率统计/张尧庭编.-北京:中央广播电视大学出版社,1984.11 |
| 314页;32开 |
| ISBN 7-300-01605-7:1.40元 |
| ● |
| 相关链接 |
|
|
|
正题名:概率统计
索取号:O21/ZH845
 
预约/预借
| 序号 | 登录号 | 条形码 | 馆藏地/架位号 | 状态 | 备注 |
| 1 | 206085 | 202060857 | 自科二线504/504自科库 47排6列4层/ [索取号:O21/ZH845] | 在馆 | |
| 2 | 206086 | 202060866 | 数理学院资料室/ [索取号:O21/ZH845] | 在馆 | |
| 3 | 206087 | 202060875 | 自科二线504/504自科库 47排6列4层/ [索取号:O21/ZH845] | 在馆 |